Big 4 Sports Division Titles: 1990-2009 Quiz Stats

 Plays Quiz not verified by Sporcle

Challenge
Share
Tweet
Embed
Score 0/33 Timer 05:00
0 Plays Today
Division Team % Correct
AL EastNew York Yankees
99%
NL EastAtlanta Braves
90.7%
NL CentralSt Louis Cardinals
89.9%
NL WestLos Angeles Dodgers
88.3%
AFC EastNew England Patriots
86.7%
AL CentralCleveland Indians
85.6%
AL WestOakland Athletics
85.4%
NBA AtlanticBoston Celtics
83.6%
NBA PacificLos Angeles Lakers
82.2%
NFC EastDallas Cowboys
78.4%
AFC WestSan Diego Chargers
75.8%
AFC SouthIndianapolis Colts
75.2%
NBA SouthwestSan Antonio Spurs
73.2%
NFC NorthGreen Bay Packers
73.1%
NBA SoutheastMiami Heat
73.1%
NFC WestSan Francisco 49ers
71.5%
NBA CentralDetroit Pistons
69.5%
Division Team % Correct
AFC CentralPittsburgh Steelers
69.3%
AFC NorthPittsburgh Steelers
63.3%
NFC SouthTampa Bay Buccaneers
61.7%
NFC CentralMinnesota Vikings
57.5%
NBA NorthwestDenver Nuggets
50.1%
NHL CentralDetroit Red Wings
33.4%
NHL AtlanticNew Jersey Devils
32%
NHL PacificSan Jose Sharks
24.8%
NBA MidwestSan Antonio Spurs
21.8%
NHL SoutheastWashington Capitals
21.1%
NHL NortheastOttawa Senators
20.6%
NHL NorthwestColorado Avalanche
20.4%
NHL NorrisChicago Blackhawks
9.7%
NHL PatrickPittsburgh Penguins
8.6%
NHL AdamsBoston Bruins
7.5%
NHL SmytheVancouver Canucks
5.7%

You're not logged in!

Compare scores with friends on all Sporcle quizzes.
OR
Log In

You Might Also Like...

Show Comments

Extras

Top Quizzes Today


Score Distribution

Your Account Isn't Verified!

In order to create a playlist on Sporcle, you need to verify the email address you used during registration. Go to your Sporcle Settings to finish the process.

Report this User

Report this user for behavior that violates our Community Guidelines.

Details: